'A Noiseless Patient Spider' by Walt Whitman Quiz Stats

Quiz Updated May 31, 2018

Challenge
Share
Tweet
Embed
Score 0/87 Timer 08:00
0 Plays Today
% Correct
A
98.3%
a
98.3%
noiseless
93%
spider,
92.5%
patient
91.5%
I
89.3%
the
83.3%
the
83.3%
the
83.3%
the
83.3%
the
83.3%
O
75.9%
O
75.9%
in
65.4%
And
64%
to
63.3%
to
63.3%
it
62.5%
It
62.5%
on
62.3%
of
56.3%
of
56.3%
be
55.5%
you
48.6%
you
48.6%
you
48.6%
you
48.6%
my
42.9%
my
42.9%
% Correct
where
42.2%
where
42.2%
will
35.6%
how
33.4%
Ever
29.4%
ever
29.4%
out
28.6%
them,
22.8%
them.
22.8%
them,
22.8%
little
20.2%
soul
18.8%
soul.
18.8%
thread
18.2%
catch
16.7%
stood
15.8%
mark'd
15.2%
Mark'd
15.2%
Till
15.2%
till
15.2%
Till
15.2%
stand,
15%
filament,
14.9%
filament,
14.9%
filament,
14.9%
promontory
14.2%
itself,
14.2%
gossamer
13.6%
space,
13.1%
% Correct
need
13.1%
vast
12.9%
isolated,
12.5%
hold,
12.5%
forth
12.3%
vacant
12.1%
surrounding,
12.1%
bridge
12%
somewhere,
12%
unreeling
11.8%
tirelessly
11.8%
oceans
11.8%
spheres
11.8%
fling
11.8%
explore
11.6%
launch'd
11.6%
throwing,
11.6%
connect
11.5%
form'd,
11.5%
venturing,
11.1%
measureless
11%
ductile
11%
Surrounded,
10.9%
seeking
10.9%
anchor
10.9%
speeding
10.7%
Ceaselessly
10.7%
musing,
10.6%
detached,
10.2%

You're not logged in!

Compare scores with friends on all Sporcle quizzes.
Join for Free
OR
Log In

You Might Also Like...

Show Comments

Extras

Top Quizzes Today


Score Distribution

Your Account Isn't Verified!

In order to create a playlist on Sporcle, you need to verify the email address you used during registration. Go to your Sporcle Settings to finish the process.

Report this User

Report this user for behavior that violates our Community Guidelines.

Details: